The Pashtun Tribes in Afghanistan
Salvato in:
| Autore principale: | |
|---|---|
| Natura: | Libro |
| Lingua: | inglese |
| Pubblicazione: |
Barnsley
Pen & Sword Military
2023
|
| Soggetti: | |
| Tags: |
Nessun Tag, puoi essere il primo ad aggiungerne!!
|
MARC
| LEADER | 00000nam a2200000 4500 | ||
|---|---|---|---|
| 001 | 0296935 | ||
| 005 | 20240416114213.2 | ||
| 020 | |a 978-1-39906-920-5 | ||
| 041 | 0 | |a eng | |
| 044 | |a GB | ||
| 245 | 1 | 0 | |a The Pashtun Tribes in Afghanistan |c Ben Acheson |
| 264 | 1 | |a Barnsley |b Pen & Sword Military |c 2023 | |
| 300 | |a 300 s. | ||
| 610 | 2 | 0 | |a Afganistan |
| 610 | 2 | 0 | |a politika medzinárodná |
| 610 | 2 | 0 | |a konflikty medzinárodné |
| 610 | 2 | 0 | |a terorizmus |
| 610 | 2 | 0 | |a národnosti |
| 610 | 2 | 0 | |a etnikum |
| 610 | 2 | 0 | |a reálie |
| 100 | 1 | |a Acheson, Ben | |